La cascada de la justicia: cómo los juicios de lesa humanidad están cambiando el mundo de la política
Shranjeno v:
| Glavni avtor: | |
|---|---|
| Format: | Knjiga |
| Jezik: | španščina |
| Izdano: |
Barcelona
Gedisa
2016
|
| Izdaja: | 1a. ed |
| Serija: | Debate Político
|
| Teme: | |
| Oznake: |
Označite
Brez oznak, prvi označite!
|
MARC
| LEADER | 00000cam a2200000 a 4500 | ||
|---|---|---|---|
| 001 | UCC9156 | ||
| 003 | CL-VaPUC | ||
| 008 | 190906e20160000sp |||||||||||||||||spa|d | ||
| 020 | |a 9788497847896 | ||
| 082 | 0 | 4 | |a 341.77 |b SIK |2 21 |
| 100 | 0 | |a Sikkink, Kathryn |e author |9 604050 | |
| 245 | 1 | 3 | |a La cascada de la justicia: cómo los juicios de lesa humanidad están cambiando el mundo de la política |
| 250 | |a 1a. ed | ||
| 300 | |a 308 p | ||
| 942 | |c BK | ||
| 945 | |d 20190906 13:31:00 |a dcastane | ||
| 260 | |a Barcelona |b Gedisa |c 2016 | ||
| 650 | 0 | |a Crímenes de lesa humanidad |9 529878 | |
| 650 | 0 | |a Derecho internacional |9 255637 | |
| 583 | |a last modification |c 20190906 13:31:00 |k Rodrigo Vera | ||
| 490 | 0 | |a Debate Político | |
| 999 | |c 375350 |d 375348 | ||
| 952 | |0 0 |1 0 |3 erb |4 0 |6 341_770000000000000_SIK_2016 |7 0 |8 WP_COW |9 561299 |a BIBDER |b BIBDER |e Fundación W and P Cowley |i 5599113 |l 1 |m 3 |o 341.77 SIK 2016 |p 5599113 |q 2025-12-31 |r 2024-01-31 |s 2024-01-31 |w 2020-03-12 |y BK |z Catalogado en:20190906 |k WPC | ||